000 00474nam a2200169Ia 4500
003 GCL
008 140319s9999 xx 000 0 ara d
040 _aGCL /
_cGCL
082 0 4 _a780.92
_bر م
100 1 _aرتيبة الحفنى
245 1 0 _aمحمد عبدالوهاب /
_cرتيبة الحفنى
300 _a252 ص
490 _aعالم النغم
_v0
650 0 4 _aمحمد عبدالوهاب
650 0 4 _aالموسيقيون - تراجم
942 _2ddc
_cBK
999 _c44501
_d44501